=LDR 00000nam 2200000 4500 =001 INLIS000000000057321 =005 20201221075448 =035 ##$$a 0010-1220000222 =007 ta =008 201221###########################0#ind## =020 ##$$a 978-602-9211-59-7 =082 ##$$a 297.415 =084 ##$$a 297.415-Mas s =245 1#$$a Subhat Seputer Haji dan Umrah /$c M. Masrur Huda,S.S.,M.Pd.I. =250 ##$$a Cet.1 =300 ##$$a xvi, 168 halaman ; $c 21 cm =650 #4$$a Haji =700 #$$a Editor, Endang Surayana =264 ##$$a Solo :$b Tinta Medina,$c 2012 =336 ##$$a teks$2 rdacontent =337 ##$$a lain-lain$2 rdamedia =338 ##$$a lain-lain$2 rdacarrier =990 ##$$a 37593759